| 000 | 00987nam a2200253 a 4500 | ||
|---|---|---|---|
| 001 | BRCA_714 | ||
| 005 | 20190320203122.0 | ||
| 008 | 931217s1988 mx-a---##b---#100-0#spa-# | ||
| 020 | _a9683603246 | ||
| 040 |
_aDLC _cDLC _dDLC |
||
| 050 | 4 |
_aPQ7276 _b.H57 1986 |
|
| 245 | 1 | 0 |
_aHistoria, leyendas y mitos de México _bsu expresión en el arte : XI Coloquio Internacional. |
| 260 |
_aMéxico _bUNAM, Instituto de Investigación Estéticas _c1988 |
||
| 300 |
_a432 p. _bil. _c23 cm. |
||
| 440 | 0 |
_aEstudios de arte y estética _v30 _92345 |
|
| 500 | _aXI Coloquio Internacional realizado en la Ciudad de México, 1-14 noviembre, 1986 | ||
| 504 | _aIncluye referencias bibliográficas | ||
| 611 | 2 | 4 |
_aColoquio Internacional _n11 _d1-14 noviembre, 1986 _cCiudad de México _92346 |
| 650 | 1 | 4 |
_aArte mexicano _vCongresos _92347 |
| 650 | 1 | 4 |
_aMéxico en el arte _vCongresos _92348 |
| 650 | 1 | 4 |
_aLeyendas en el arte _vCongresos _92349 |
| 650 | 1 | 4 |
_aArte y mitología _vCongresos _92350 |
| 942 |
_2lcc _cB |
||
| 999 |
_c615 _d615 |
||